أجمل عش في العالم / (رقم التسجيلة. 36554)

تفاصيل مارك
000 -LEADER
fixed length control field 00787nam a22002417a 4500
005 - DATE AND TIME OF LATEST TRANSACTION
control field 20251108170000.0
008 - FIXED-LENGTH DATA ELEMENTS--GENERAL INFORMATION
fixed length control field 250721s9999 xx 000 0 ara d
082 14 - DEWEY DECIMAL CLASSIFICATION NUMBER
Classification number ط/ 598 / نجي
100 1# - MAIN ENTRY--PERSONAL NAME
Personal name نجيب، أحمد
245 10 - TITLE STATEMENT
Title أجمل عش في العالم /
250 ## - EDITION STATEMENT
Edition statement ط.2
246 13 - VARYING FORM OF TITLE
Title proper/short title موسوعة للأطفال تغطي مجالات المعرفة البشرية
264 1# - PRODUCTION, PUBLICATION, DISTRIBUTION, MANUFACTURE, AND COPYRIGHT NOTICE
Place of production, publication, distribution, manufacture القاهره :
Name of producer, publisher, distributor, manufacturer دار المعارف،
Date of production, publication, distribution, manufacture, or copyright notice [19-].
300 ## - PHYSICAL DESCRIPTION
Extent [15]ص.:مص
490 0# - SERIES STATEMENT
Series statement ماذا تعلم عن
Volume/sequential designation 11
650 17 - SUBJECT ADDED ENTRY--TOPICAL TERM
Topical term or geographic name as entry element الطيور
650 17 - SUBJECT ADDED ENTRY--TOPICAL TERM
Topical term or geographic name as entry element التعشيش
653 ## - INDEX TERM--UNCONTROLLED
Uncontrolled term أطفال مرحلة متوسطة (6-9 سنوات)
700 1# - ADDED ENTRY--PERSONAL NAME
Personal name حلمي، فايزة أحمد
700 1# - ADDED ENTRY--PERSONAL NAME
Personal name نجيب، أسامة أحمد
Relator term Cart.
942 ## - ADDED ENTRY ELEMENTS (KOHA)
Source of classification or shelving scheme Dewey Decimal Classification
Koha item type كتب
المقتنيات
حالة السحب حالة الفقدان مصدر التصنيف حالة التلف غير قابل للإعارة المكتبة الرئيسية المكتبة الحالية موقع الرف تاريخ التزويد الرقم المتسلسل Total Checkouts رقم الإستدعاء تاريخ آخر ظهور تاريخ الفاتورة نوع المادة (كوها) الباركود
    Dewey Decimal Classification     مكتبة البشائر للأطفال مكتبة البشائر للأطفال الأطفال 12/09/2015 360087   ط/ 598 / نجي 28/07/2025 12/09/2015 كتب PLD00346225
    Dewey Decimal Classification     مكتبة أم المؤمنين للأطفال مكتبة أم المؤمنين للأطفال الأطفال 28/07/2025 419233   ط/ 598 / نجي 28/07/2025 28/07/2025 كتب 419233
    Dewey Decimal Classification     مكتبة الاميرة بديعة مكتبة الاميرة بديعة الأطفال 01/07/2015 36095.   ط/ 598 / نجي 28/07/2025 01/07/2015 كتب PLD00335249
    Dewey Decimal Classification Unchecked   مكتبة البراءة للأطفال مكتبة البراءة للأطفال الأطفال 28/07/2025 360089   ط/ 598 / نجي 28/07/2025 28/07/2025 كتب  
    Dewey Decimal Classification     مكتبة البراعم الواعدة مكتبة البراعم الواعدة الأطفال 23/07/2015 1603117   ط/ 598 / نجي 28/07/2025 23/07/2015 كتب PLD00338443
    Dewey Decimal Classification     مكتبة النصر العامة مكتبة النصر العامة الأطفال 19/04/2015 360099   ط/ 598 / نجي 28/07/2025 19/04/2015 كتب PLD00385167
    Dewey Decimal Classification     مكتبة صويلح العامة مكتبة صويلح العامة الأطفال 20/08/2019 360100   ط/ 598 / نجي 28/07/2025 20/08/2019 كتب PLD00463160
    Dewey Decimal Classification     مكتبة وادي السير العامة مكتبة وادي السير العامة الأطفال 06/12/2015 360092   ط/ 598 / نجي 28/07/2025 06/12/2015 كتب PLD00367665
Implemented & Customized by: BBB with SCIT (Smart Chains for Information Technology)

Powered by Koha